[Event "Paris-ch Open B"]
[Site "?"]
[Date "2010.07.06"]
[Round "3.5"]
[White "Talavera, Jean"]
[Black "Duget, Jean Claude"]
[Result "0-1"]
[WhiteElo "1767"]
[BlackElo "1880"]
[PlyCount "128"]
[EventDate "2010.07.03"]
[SourceDate "2010.07.03"]

1. e4 c5 2. c3 g6 3. d4 cxd4 4. cxd4 Bg7 5. Nf3 d5 6. e5 Nc6 7. Be2 f6 8. Bf4
Qb6 9. b3 Nh6 10. Bxh6 Bxh6 11. O-O O-O 12. Nc3 Qd8 13. Nxd5 Kh8 14. Nc3 Qa5
15. Na4 fxe5 16. d5 Rd8 17. Qc2 Nd4 18. Nxd4 exd4 19. Bd3 Qxd5 20. Rae1 e5 21.
Nb2 Bg7 22. Nc4 Rb8 23. f4 exf4 24. Rxf4 Qg5 25. Qf2 Bh3 26. Rf1 Be6 27. Nd2
Rf8 28. Rxf8+ Rxf8 29. Qe2 Qe3+ 30. Qxe3 dxe3 31. Rxf8+ Bxf8 32. Nc4 Bc5 33.
Kf1 b5 34. Nb2 a6 35. h3 Kg7 36. Ke2 Bd5 37. g3 Bg2 38. h4 Bh3 39. Be4 h5 40.
Bf3 Bd6 41. Kxe3 Bxg3 42. Bb7 a5 43. Bc6 b4 44. Nc4 Bc7 45. Nd2 Bf5 46. Kf3 Kf7
47. Bd5+ Kf6 48. Ke3 Bd7 49. Nf3 Bb6+ 50. Kf4 Bf5 51. Be4 Bc7+ 52. Ke3 Bd7 53.
Ng5 a4 54. Nh7+ Kg7 55. Ng5 axb3 56. axb3 Bg3 57. Nf3 Bg4 58. Nd4 Bxh4 59. Nc6
Be1 60. Ne7 g5 61. Kd3 Be6 62. Kc2 g4 63. Nc6 Bf7 64. Ne5 Bc3 0-1

[Event "Paris-ch Open B"]
[Site "?"]
[Date "2010.07.06"]
[Round "3.6"]
[White "Rousseau, Olivier"]
[Black "Ernouf, Anthony"]
[Result "1/2-1/2"]
[WhiteElo "1766"]
[BlackElo "1878"]
[PlyCount "83"]
[EventDate "2010.07.03"]
[SourceDate "2010.07.03"]

1. e4 c5 2. Nc3 d6 3. f4 Nc6 4. Bc4 g6 5. a3 Bg7 6. Nf3 Nf6 7. d3 O-O 8. O-O
Bg4 9. Ne2 d5 10. exd5 Nxd5 11. c3 a6 12. h3 Bc8 13. Ng3 b5 14. Ba2 e6 15. Kh1
Qc7 16. Ng5 Nce7 17. Qe1 h6 18. N5e4 Bb7 19. Qf2 Rac8 20. c4 Nb6 21. Be3 Na4
22. d4 Bxe4 23. Nxe4 Nf5 24. Nxc5 Nxc5 25. dxc5 Nxe3 26. Qxe3 Qxc5 27. Qxc5
Rxc5 28. Rf2 bxc4 29. Rc2 Rfc8 30. Rac1 a5 31. Rxc4 Rxc4 32. Rxc4 Rxc4 33. Bxc4
Bxb2 34. a4 Kg7 35. g3 e5 36. fxe5 Bxe5 37. Kg2 h5 38. Kf3 f5 39. g4 hxg4+ 40.
hxg4 Kf6 41. gxf5 Kxf5 42. Kg2 1/2-1/2

[Event "Paris-ch Open B"]
[Site "?"]
[Date "2010.07.06"]
[Round "3.7"]
[White "Biville, Pascal"]
[Black "Sochacki, Zenon"]
[Result "0-1"]
[WhiteElo "1760"]
[BlackElo "1870"]
[PlyCount "130"]
[EventDate "2010.07.03"]
[SourceDate "2010.07.03"]

1. d4 d5 2. c4 c6 3. Nf3 Nf6 4. Nc3 Bf5 5. e3 e6 6. Qb3 Qb6 7. Bd2 Nbd7 8. Na4
Qxb3 9. axb3 Ne4 10. Nh4 Nxd2 11. Kxd2 Bg4 12. h3 Bh5 13. g4 Be7 14. Ng2 Bg6
15. Nf4 Be4 16. Bg2 Bxg2 17. Nxg2 Bb4+ 18. Nc3 Ke7 19. Ne1 a6 20. Nd3 Bxc3+ 21.
bxc3 dxc4 22. bxc4 f6 23. h4 e5 24. Rhb1 e4 25. Nf4 b5 26. Nh5 Kf7 27. Ng3 Rhe8
28. Nf5 Kg6 29. Nd6 Re6 30. c5 h5 31. Rg1 Re7 32. gxh5+ Kxh5 33. Nf5 Rf7 34.
Nxg7+ Kh6 35. Nf5+ Kh7 36. Nd6 Re7 37. Rg4 f5 38. Rg5 f4 39. Rag1 Nf6 40. Nf5
fxe3+ 41. fxe3 Rf7 42. Rg6 Ng8 43. Rg7+ Rxg7 44. Rxg7+ Kh8 45. Rc7 a5 46. Rxc6
a4 47. Kc2 Rf8 48. Nd6 Rf2+ 49. Kd1 a3 50. Ra6 a2 51. Ke1 Rb2 52. Rxa2 Rxa2 53.
c6 Ne7 54. c7 b4 55. cxb4 Rc2 56. c8=Q+ Nxc8 57. Nxc8 Rxc8 58. Kf2 Rf8+ 59. Kg3
Rf3+ 60. Kg4 Rxe3 61. Kf4 Re1 62. b5 e3 63. Kf3 e2 64. b6 Rd1 65. Kxe2 Rxd4 0-1

[Event "Paris-ch Open B"]
[Site "?"]
[Date "2010.07.06"]
[Round "3.8"]
[White "Yuen, Wing Yan"]
[Black "Jacq, Philippe"]
[Result "1/2-1/2"]
[WhiteElo "1870"]
[BlackElo "1749"]
[PlyCount "78"]
[EventDate "2010.07.03"]
[SourceDate "2010.07.03"]

1. e4 e5 2. Nf3 Nc6 3. Bb5 a6 4. Ba4 Nf6 5. O-O b5 6. Bb3 Be7 7. d3 O-O 8. Nc3
d6 9. h3 Na5 10. Nh2 Nxb3 11. axb3 Bb7 12. f4 exf4 13. Bxf4 Nd7 14. g4 Bg5 15.
Qf3 Nc5 16. Qg3 Ne6 17. Ne2 d5 18. Bxg5 Qxg5 19. Rf5 Qd2 20. exd5 Qxe2 21. dxe6
fxe6 22. Qf2 Qxf2+ 23. Rxf2 Rxf2 24. Kxf2 Kf7 25. b4 Ke7 26. Kg3 Rf8 27. Rf1
Rxf1 28. Nxf1 Kd6 29. Ne3 c5 30. bxc5+ Kxc5 31. c3 b4 32. Kf4 bxc3 33. bxc3 a5
34. Ke5 Bc8 35. Nc4 a4 36. Ke4 Ba6 37. Na3 Kd6 38. g5 Bb7+ 39. Ke3 Ba6 1/2-1/2

[Event "Paris-ch Open B"]
[Site "?"]
[Date "2010.07.05"]
[Round "3.9"]
[White "Vernadet, Jacques"]
[Black "Weinberger, Robert"]
[Result "0-1"]
[WhiteElo "1860"]
[BlackElo "1748"]
[PlyCount "138"]
[EventDate "2010.07.03"]
[SourceDate "2010.07.03"]

1. e4 d6 2. d4 Nf6 3. Nc3 g6 4. Nf3 Bg7 5. Be2 O-O 6. O-O Nfd7 7. Nd5 c6 8. Ne3
c5 9. c3 Nc6 10. d5 Nce5 11. h3 Nxf3+ 12. Bxf3 b5 13. Nc2 Nb6 14. Be2 Bd7 15.
Ne3 a5 16. Rb1 Na4 17. Qe1 Rb8 18. f4 c4 19. Bd2 Nc5 20. Bf3 Nd3 21. Qg3 Qc8
22. Be2 Nc5 23. Bf3 Kh8 24. Nc2 f5 25. e5 dxe5 26. fxe5 Nd3 27. e6 Be8 28. Be3
f4 29. Bxf4 Nxf4 30. Rfe1 Qc5+ 31. Qf2 Qxf2+ 32. Kxf2 Nd3+ 33. Kg1 Nxe1 34.
Rxe1 Rb6 35. Re4 g5 36. Nd4 Bxd4+ 37. Rxd4 Bg6 38. h4 Rf4 39. Rd2 g4 40. Be2
Bd3 41. g3 Re4 42. Bxd3 cxd3 43. Rxd3 Rd6 44. Rd2 Re3 45. Kg2 Rf3 46. Rd4 h5
47. a4 b4 48. c4 Rf5 49. Re4 Kg7 50. Kg1 Kf8 51. Kg2 Rf3 52. Re5 Rb3 53. Rf5+
Kg7 54. Rf7+ Kg6 55. Rxe7 Rxb2+ 56. Kf1 Rd8 57. Rd7 Rf8+ 58. Ke1 Rff2 59. e7
Rbe2+ 60. Kd1 b3 61. d6 Rd2+ 62. Ke1 Rfe2+ 63. Kf1 b2 64. Rb7 Kf7 65. Rb8 Rxe7
66. dxe7 Kxe7 67. Rb6 Rc2 68. Rb5 Rc1+ 69. Ke2 b1=Q 0-1

[Event "Paris-ch Open B"]
[Site "?"]
[Date "2010.07.06"]
[Round "3.10"]
[White "Mkhitarian, Aram"]
[Black "Aboud, Tony"]
[Result "0-1"]
[WhiteElo "1858"]
[BlackElo "1784"]
[PlyCount "96"]
[EventDate "2010.07.03"]
[SourceDate "2010.07.03"]

1. e4 c5 2. Nc3 e6 3. f4 Nc6 4. Nf3 d5 5. e5 a6 6. Be2 Nge7 7. O-O Nf5 8. g4
Nfd4 9. d3 Be7 10. a3 b5 11. Nb1 Bb7 12. c3 Nxe2+ 13. Qxe2 d4 14. Nbd2 Qd7 15.
c4 h6 16. b3 f5 17. exf6 gxf6 18. Ne4 Kf7 19. g5 Rag8 20. Kf2 f5 21. Ng3 hxg5
22. fxg5 Bd6 23. Ke1 Qc7 24. g6+ Rxg6 25. Ng5+ Rxg5 26. Bxg5 Bxg3+ 27. hxg3
Qxg3+ 28. Kd1 Qxg5 29. Kc2 Qe3 30. Qg2 Rh3 31. Rad1 Na5 32. Qf2 Qxf2+ 33. Rxf2
Kf6 34. Rdf1 Rh1 35. b4 Rxf1 36. Rxf1 cxb4 37. axb4 Nc6 38. cxb5 Nxb4+ 39. Kb3
Nd5 40. Ka4 Nc3+ 41. Kb4 axb5 42. Kc5 e5 43. Kd6 e4 44. dxe4 Bxe4 45. Kc5 Ke5
46. Kb4 Kd5 47. Rg1 Bd3 48. Rg8 Na2+ 0-1

[Event "Paris-ch Open B"]
[Site "?"]
[Date "2010.07.05"]
[Round "3.11"]
[White "Vine, Thibault"]
[Black "Plantive, Bertrand"]
[Result "1/2-1/2"]
[WhiteElo "1735"]
[BlackElo "1856"]
[PlyCount "63"]
[EventDate "2010.07.03"]
[SourceDate "2010.07.03"]

1. e4 c5 2. d3 Nc6 3. Nc3 e6 4. g3 a6 5. Bg2 b5 6. a3 Bb7 7. Be3 Nd4 8. Nce2
Nxe2 9. Nxe2 d5 10. exd5 exd5 11. d4 c4 12. c3 Be7 13. O-O Nf6 14. Nf4 O-O 15.
Re1 Re8 16. Nh5 Qd7 17. Nxf6+ Bxf6 18. g4 Bd8 19. Qf3 Bc7 20. Bf4 Bxf4 21. Qxf4
a5 22. h3 Rad8 23. Rad1 b4 24. axb4 axb4 25. Ra1 bxc3 26. bxc3 Bc6 27. Rab1
Rxe1+ 28. Rxe1 Re8 29. Rxe8+ Qxe8 30. Qd6 Qa8 31. Kh2 Bb7 32. Qd7 1/2-1/2

[Event "Paris-ch Open B"]
[Site "?"]
[Date "2010.07.05"]
[Round "3.12"]
[White "Baches, Frederic"]
[Black "Saliere, Georges"]
[Result "1-0"]
[WhiteElo "1854"]
[BlackElo "1726"]
[PlyCount "41"]
[EventDate "2010.07.03"]
[SourceDate "2010.07.03"]

1. e4 e5 2. Nf3 Nc6 3. d4 exd4 4. Nxd4 Nf6 5. Nc3 Bb4 6. Nxc6 bxc6 7. Bd3 O-O
8. O-O d5 9. exd5 cxd5 10. Bg5 Be6 11. Ne2 Bd6 12. Ng3 h6 13. Bd2 Ng4 14. Be1
Qh4 15. h3 Bc5 16. Nf5 Bxf5 17. Bxf5 Nf6 18. a3 c6 19. b4 Bd6 20. f4 Qh5 21. g4
1-0

[Event "Paris-ch Open B"]
[Site "?"]
[Date "2010.07.07"]
[Round "4.1"]
[White "O'Sullivan, Thomas"]
[Black "Caorlin, Mario"]
[Result "1/2-1/2"]
[WhiteElo "1781"]
[BlackElo "1890"]
[PlyCount "55"]
[EventDate "2010.07.03"]
[SourceDate "2010.07.03"]

1. d4 e6 2. c4 b6 3. Nc3 Bb7 4. Nf3 Bb4 5. Bg5 Bxc3+ 6. bxc3 f6 7. Bd2 f5 8.
Bg5 Nf6 9. Bxf6 Qxf6 10. e3 O-O 11. Be2 Kh8 12. Qc2 Nc6 13. Bd3 d6 14. e4 Rae8
15. O-O-O Na5 16. e5 Qh6+ 17. Kb1 Be4 18. Nd2 Bxd3 19. Qxd3 dxe5 20. Qc2 exd4
21. cxd4 Rd8 22. Nf3 Qf4 23. Rhe1 Qd6 24. Ng5 Rde8 25. d5 Qb4+ 26. Ka1 exd5 27.
Rxe8 Rxe8 28. Qxf5 1/2-1/2

[Event "Paris-ch Open B"]
[Site "?"]
[Date "2010.07.07"]
[Round "4.2"]
[White "Assedo, Johaquim"]
[Black "Ek, Alexandre"]
[Result "0-1"]
[WhiteElo "1883"]
[BlackElo "1842"]
[PlyCount "78"]
[EventDate "2010.07.03"]
[SourceDate "2010.07.03"]

1. e4 c5 2. Nc3 Nc6 3. Nf3 g6 4. Be2 Bg7 5. O-O Nf6 6. d3 O-O 7. h3 d6 8. Be3
Bd7 9. Qd2 Qa5 10. a3 Qc7 11. Bg5 Be6 12. Be3 Rfc8 13. Ng5 Bd7 14. f4 h6 15.
Nf3 Nh5 16. Kh2 Nd4 17. Nd5 Qd8 18. Bxd4 cxd4 19. f5 e6 20. fxe6 fxe6 21. g4
exd5 22. gxh5 dxe4 23. dxe4 Qe7 24. Bd3 Qe6 25. Qg2 g5 26. b3 b5 27. Rae1 Be5+
28. Nxe5 dxe5 29. Rf3 Rf8 30. Ref1 Rf4 31. Rxf4 exf4 32. Be2 Qe5 33. Bf3 Rc8
34. Rf2 Rc3 35. Rd2 a5 36. Bg4 Rg3 37. Qf2 Bxg4 38. hxg4 Qxe4 39. Rxd4 Rh3+ 0-1

[Event "Paris-ch Open B"]
[Site "?"]
[Date "2010.07.07"]
[Round "4.3"]
[White "Weinberger, Robert"]
[Black "Insuasty, Luis"]
[Result "0-1"]
[WhiteElo "1748"]
[BlackElo "1883"]
[PlyCount "62"]
[EventDate "2010.07.03"]
[SourceDate "2010.07.03"]

1. e4 c5 2. Nf3 g6 3. d4 cxd4 4. Qxd4 Nf6 5. e5 Nc6 6. Qa4 Nd5 7. Qb3 Nb6 8. a4
a5 9. Be3 Nb4 10. c3 N4d5 11. Bd4 e6 12. Nbd2 Be7 13. Ne4 O-O 14. Nf6+ Bxf6 15.
exf6 d6 16. c4 Nb4 17. c5 e5 18. Be3 Be6 19. Qd1 N6d5 20. Bh6 Re8 21. Bb5 Bd7
22. Bg7 Bxb5 23. axb5 e4 24. Nd4 Nd3+ 25. Kf1 dxc5 26. Qb3 cxd4 27. h4 Nxf6 28.
Bh6 Nxf2 29. Kxf2 Ng4+ 30. Ke2 Nxh6 31. Rhf1 d3+ 0-1

[Event "Paris-ch Open B"]
[Site "?"]
[Date "2010.07.07"]
[Round "4.4"]
[White "Duget, Jean Claude"]
[Black "Dorval, Olivier"]
[Result "*"]
[WhiteElo "1870"]
[BlackElo "1808"]
[PlyCount "97"]
[EventDate "2010.07.03"]
[SourceDate "2010.07.03"]

1. e4 Nc6 2. Nc3 e5 3. Nf3 Nf6 4. d3 d6 5. Be2 Be7 6. O-O O-O 7. h3 Ne8 8. Nd5
f5 9. c3 Nf6 10. Nxe7+ Nxe7 11. Qc2 Kh8 12. Nh2 Ng6 13. Bg5 h6 14. Bc1 f4 15.
d4 Nh7 16. Nf3 Ng5 17. Nxg5 Qxg5 18. Kh2 Qh4 19. Bf3 Ne7 20. Rh1 Bd7 21. b3 Ng6
22. Kg1 Qf6 23. Bb2 Nh4 24. Qe2 g5 25. Kf1 Rg8 26. Ke1 Rae8 27. Kd2 Nxf3+ 28.
gxf3 Rd8 29. Kc2 a6 30. Rag1 Rde8 31. Rd1 Rd8 32. dxe5 dxe5 33. c4 Bc6 34. Rxd8
Rxd8 35. Qe1 Kg7 36. Qc3 Rd4 37. Qe1 Rd8 38. Qa5 Re8 39. Qxc7+ Re7 40. Qa5 Qe6
41. Qc3 Qg6 42. Rd1 Qh5 43. Ba3 Re6 44. Qb4 Qxf3 45. Rd2 Bxe4+ 46. Kb2 Qxh3 47.
Qf8+ Kg6 48. Bb4 Qf5 49. Qd8 *

[Event "Paris-ch Open B"]
[Site "?"]
[Date "2010.07.07"]
[Round "4.5"]
[White "Sochacki, Zenon"]
[Black "Mohammad, Fahim"]
[Result "0-1"]
[WhiteElo "1870"]
[BlackElo "1808"]
[PlyCount "84"]
[EventDate "2010.07.03"]
[SourceDate "2010.07.03"]

1. f4 d5 2. b3 Nf6 3. Bb2 e6 4. Nf3 c5 5. e3 Nc6 6. Bb5 Bd7 7. O-O Bd6 8. d3
O-O 9. Nbd2 Rc8 10. Qe1 Re8 11. Qg3 Bf8 12. Bxc6 Bxc6 13. Ne5 Nh5 14. Qh3 g6
15. g4 Ng7 16. g5 Nh5 17. Ng4 Bg7 18. Bxg7 Kxg7 19. Nf3 c4 20. Nfe5 Bb5 21.
Rac1 cxd3 22. cxd3 d4 23. e4 Rc3 24. Rcd1 Rc2 25. Rf2 Rxf2 26. Kxf2 Qc7 27. Re1
Qc2+ 28. Re2 Qxe2+ 29. Kxe2 Nxf4+ 30. Kd2 Nxh3 31. Nf3 Nf4 32. Nxd4 Ba6 33. Ne5
Rd8 34. Ke3 Nxd3 35. Ng4 Nb4 36. h4 Nxa2 37. Nh6 Nc3 38. Nf3 Rd3+ 39. Kf4 Ne2+
40. Kg4 Rxb3 41. Nxf7 Rxf3 42. Kxf3 Kxf7 0-1

[Event "Paris-ch Open B"]
[Site "?"]
[Date "2010.07.07"]
[Round "4.6"]
[White "Aboud, Tony"]
[Black "Baches, Frederic"]
[Result "1/2-1/2"]
[WhiteElo "1734"]
[BlackElo "1854"]
[PlyCount "129"]
[EventDate "2010.07.03"]
[SourceDate "2010.07.03"]

1. c4 f5 2. d4 Nf6 3. Nc3 e6 4. g3 c6 5. Bg2 d5 6. c5 b6 7. b4 a5 8. Ba3 axb4
9. Bxb4 Na6 10. a3 bxc5 11. dxc5 Bxc5 12. Na2 Nxb4 13. axb4 Bd6 14. Nf3 Ne4 15.
O-O Rxa2 16. Rxa2 Nc3 17. Qc2 Nxa2 18. Qxa2 O-O 19. Rb1 Bd7 20. e3 Qa8 21. Qb3
Qb7 22. Nd4 Rb8 23. Nc2 c5 24. Bf1 cxb4 25. Bg2 Ra8 26. Nd4 g6 27. h4 Kf7 28.
Nf3 Qc6 29. Nd4 Qc3 30. Qd1 Rc8 31. h5 Ba4 32. hxg6+ hxg6 33. Qe2 Qc4 34. Qd2
Bb5 35. Bf1 Qc3 36. Qxc3 bxc3 37. Nxb5 Be5 38. Rc1 Ke7 39. f4 Bf6 40. Rc2 Kd7
41. Kf2 Rb8 42. Bd3 Rc8 43. Ke1 g5 44. Kf2 gxf4 45. gxf4 Rc5 46. Kf3 Kc6 47.
Nd4+ Kd7 48. Nb3 Rc7 49. Nd4 Ke7 50. Nb5 Rc5 51. Nd4 Rc7 52. Ne2 Kf7 53. Nd4
Ke7 54. Ke2 Kf7 55. Ba6 e5 56. fxe5 Bxe5 57. Nxf5 Kf6 58. Bd3 Kg5 59. Nd4 Rc8
60. Nf3+ Kf6 61. Nxe5 Kxe5 62. Ba6 Rc6 63. Bb5 Rb6 64. Bd3 Rc6 65. Bb5 1/2-1/2

[Event "Paris-ch Open B"]
[Site "?"]
[Date "2010.07.07"]
[Round "4.7"]
[White "Bacani, Ricardo"]
[Black "Le Coz, Boris"]
[Result "1-0"]
[WhiteElo "1843"]
[BlackElo "1499"]
[PlyCount "65"]
[EventDate "2010.07.03"]
[SourceDate "2010.07.03"]

1. e4 d6 2. d4 Nf6 3. Nc3 g6 4. f4 Bg7 5. Nf3 O-O 6. Be3 Nfd7 7. Qd2 c5 8. h4
h5 9. f5 cxd4 10. Nxd4 Ne5 11. O-O-O Nbc6 12. Be2 Ng4 13. Bxg4 hxg4 14. fxg6
fxg6 15. h5 Ne5 16. hxg6 Qe8 17. Nd5 Nc4 18. Qe2 Nxe3 19. Qxe3 e6 20. Nc7 Qxg6
21. Nxa8 Bd7 22. Nc7 Rc8 23. Ncb5 e5 24. Qb3+ Kf8 25. Rdf1+ Ke8 26. Qg8+ Ke7
27. Qh7 Qg5+ 28. Kb1 exd4 29. Nxd4 Qe5 30. Qh4+ Bf6 31. Qh7+ Bg7 32. c3 Kd8 33.
Rf7 1-0

[Event "Paris-ch Open B"]
[Site "?"]
[Date "2010.07.07"]
[Round "4.8"]
[White "Fourtoy, Jean Michel"]
[Black "Leclerc, Arnaud"]
[Result "0-1"]
[WhiteElo "1752"]
[BlackElo "1881"]
[PlyCount "124"]
[EventDate "2010.07.03"]
[SourceDate "2010.07.03"]

1. d4 f5 2. e3 Nf6 3. Bd3 e6 4. Nd2 d5 5. f4 Bd6 6. Ngf3 O-O 7. c3 c6 8. O-O
Bd7 9. Ne5 Be8 10. Ndf3 Bh5 11. Bd2 Ne4 12. Be2 Nd7 13. Nxd7 Qxd7 14. Ne5 Bxe2
15. Qxe2 Bxe5 16. fxe5 b5 17. Rac1 a5 18. Rc2 a4 19. Rb1 Rfb8 20. Be1 Qe7 21.
a3 Rb7 22. Qh5 c5 23. Rbc1 c4 24. Bd2 Qf7 25. Qxf7+ Rxf7 26. Rf1 Raf8 27. Bc1
g5 28. Re2 Rg7 29. Ree1 Rg6 30. Rf3 g4 31. Rf4 Rf7 32. Re2 Rfg7 33. Bd2 Rh6 34.
Be1 Rg5 35. g3 Rhg6 36. Rg2 Rg7 37. Kf1 Rh5 38. Ke2 Rh3 39. Rf1 Rg6 40. Bf2
Rgh6 41. Rh1 R6h5 42. Be1 Ng5 43. Bf2 Nf3 44. Bg1 Nxg1+ 45. Rhxg1 Rxh2 46. Kf2
Kg7 47. Kf1 Kg6 48. Kf2 Kg5 49. Kf1 R5h3 50. Kf2 h5 51. Kf1 h4 52. gxh4+ Kxh4
53. Ke2 Kg5 54. Kd2 g3 55. Re2 Kg4 56. Ke1 Rh1 57. Kf1 Kf3 58. Reg2 Rxg1+ 59.
Kxg1 Kxe3 60. Rc2 f4 61. Rc1 f3 62. Re1+ Kf4 0-1

[Event "Paris-ch Open B"]
[Site "?"]
[Date "2010.07.07"]
[Round "4.9"]
[White "Ernouf, Anthony"]
[Black "Jacq, Philippe"]
[Result "1/2-1/2"]
[WhiteElo "1878"]
[BlackElo "1749"]
[PlyCount "70"]
[EventDate "2010.07.03"]
[SourceDate "2010.07.03"]

1. d4 Nf6 2. e3 e6 3. Bd3 c5 4. c3 Nc6 5. f4 d5 6. Nf3 Bd6 7. O-O O-O 8. Ne5
Ne4 9. Nxc6 bxc6 10. Bxe4 dxe4 11. dxc5 Bxc5 12. Qa4 Qb6 13. Qxe4 Ba6 14. Re1
Rad8 15. b4 Be7 16. a4 Bf6 17. Bb2 Bb7 18. Qc2 c5 19. b5 Qd6 20. Na3 Qd2 21.
Rad1 Qxc2 22. Nxc2 Be4 23. Na3 Rd3 24. Rxd3 Bxd3 25. Rd1 c4 26. Rd2 g5 27. Nc2
gxf4 28. exf4 e5 29. fxe5 Bg5 30. Rf2 Re8 31. g3 Rxe5 32. h4 Bd8 33. Nd4 Re1+
34. Kg2 Be4+ 35. Kh3 h5 1/2-1/2

[Event "Paris-ch Open B"]
[Site "?"]
[Date "2010.07.07"]
[Round "4.10"]
[White "Engel, Gerard"]
[Black "Yuen, Wing Yan"]
[Result "0-1"]
[WhiteElo "1708"]
[BlackElo "1870"]
[PlyCount "86"]
[EventDate "2010.07.03"]
[SourceDate "2010.07.03"]

1. c4 e5 2. Nc3 Nc6 3. g3 f5 4. Bg2 Nf6 5. e3 d6 6. Nge2 g6 7. d4 e4 8. a3 a5
9. O-O Bg7 10. Rb1 O-O 11. f3 exf3 12. Bxf3 Re8 13. Nf4 Ne7 14. b4 axb4 15.
axb4 g5 16. Nh5 Ng6 17. Nxf6+ Qxf6 18. Nd5 Qd8 19. c5 g4 20. Bg2 h5 21. Qc2 Bh6
22. Rxf5 Bxf5 23. Qxf5 Kg7 24. e4 Rf8 25. Qxh5 Bxc1 26. Rxc1 c6 27. Nf4 Nxf4
28. gxf4 Rxf4 29. e5 dxe5 30. Qxe5+ Qf6 31. Qc7+ Qf7 32. Qe5+ Qf6 33. Qc7+ Kh6
34. Qe5 Qxe5 35. dxe5 Rxb4 36. Rd1 Rb5 37. Rd6+ Kg5 38. e6 Re8 39. h4+ Kxh4 40.
Bxc6 bxc6 41. Rxc6 Kg3 42. Kf1 Kf3 43. Ke1 g3 0-1

[Event "Paris-ch Open B"]
[Site "?"]
[Date "2010.07.08"]
[Round "5.1"]
[White "Insuasty, Luis"]
[Black "Ek, Alexandre"]
[Result "1-0"]
[WhiteElo "1883"]
[BlackElo "1842"]
[PlyCount "75"]
[EventDate "2010.07.03"]
[SourceDate "2010.07.03"]

1. c4 Nf6 2. g3 g6 3. Bg2 d5 4. cxd5 Nxd5 5. Nc3 Nxc3 6. bxc3 Bg7 7. Rb1 c6 8.
Nf3 Qc7 9. O-O Bf5 10. d3 O-O 11. Qb3 Bc8 12. Re1 Nd7 13. d4 e5 14. Ba3 Re8 15.
Ng5 Nf6 16. dxe5 Qxe5 17. Nxf7 Qe6 18. Qxe6 Rxe6 19. Nd6 Re5 20. Nxc8 Rxc8 21.
Rxb7 Ra5 22. Bd6 Rxa2 23. Bh3 Re8 24. Be7 Rc2 25. Be6+ Kh8 26. Bf7 Ra8 27. Reb1
h5 28. Bxg6 Rxe2 29. Rb8+ Rxb8 30. Rxb8+ Ng8 31. Bh4 Be5 32. Re8 Re1+ 33. Kg2
Bxc3 34. Bf6+ Bxf6 35. Rxe1 Kg7 36. Bxh5 Bd4 37. Re6 c5 38. Ra6 1-0

[Event "Paris-ch Open B"]
[Site "?"]
[Date "2010.07.08"]
[Round "5.2"]
[White "Mohammad, Fahim"]
[Black "Bacani, Ricardo"]
[Result "1-0"]
[WhiteElo "1808"]
[BlackElo "1843"]
[PlyCount "33"]
[EventDate "2010.07.03"]
[SourceDate "2010.07.03"]

1. d4 Nf6 2. c4 e6 3. Nf3 d5 4. Nc3 c6 5. e3 Nbd7 6. Bd3 dxc4 7. Bxc4 b5 8. Bd3
a6 9. e4 Bb7 10. e5 Nd5 11. Nxd5 cxd5 12. Bd2 Be7 13. O-O h6 14. Re1 Qb6 15. a4
bxa4 16. Qxa4 O-O 17. Qxd7 1-0

[Event "Paris-ch Open B"]
[Site "?"]
[Date "2010.07.08"]
[Round "5.3"]
[White "Caorlin, Marco"]
[Black "Lam Roques, Kevin"]
[Result "0-1"]
[WhiteElo "1890"]
[BlackElo "1818"]
[PlyCount "172"]
[EventDate "2010.07.03"]
[SourceDate "2010.07.03"]

1. e4 c5 2. Nc3 Nc6 3. f4 g6 4. Nf3 Bg7 5. Bc4 d6 6. O-O e6 7. d3 Nge7 8. Qe1
O-O 9. Qh4 d5 10. Bb3 f5 11. e5 a6 12. a4 h6 13. Bd2 d4 14. Nb1 Rb8 15. a5 Rf7
16. Qe1 Nd5 17. Na3 b5 18. axb6 Nxb6 19. Ba5 Nxa5 20. Qxa5 Rc7 21. Rab1 Nd5 22.
Qd2 Bd7 23. Nc4 Bf8 24. g3 Ra7 25. Ra1 Bc6 26. Nh4 Kf7 27. Ra5 Ba8 28. Nf3 Qc7
29. h3 Be7 30. Kh2 Rb4 31. Raa1 a5 32. Qe2 a4 33. Ba2 Qc6 34. Nfd2 Rb8 35. g4
a3 36. bxa3 Nc3 37. Qf2 Bh4 38. Nd6+ Kf8 39. Qf3 Qc7 40. N2e4 fxe4 41. dxe4
Qxd6 42. exd6 Bxe4 43. Qxe4 Nxe4 44. Bxe6 Nxd6 45. f5 g5 46. Rfb1 Rab7 47. Rxb7
Rxb7 48. a4 Rb2 49. a5 Nb5 50. a6 Na7 51. Ra2 Rb6 52. Kg2 Ke7 53. Kf3 Kd6 54.
Ke4 Bg3 55. Bc4 Be5 56. Kd3 Rb8 57. Ra3 Nc6 58. Ke4 Nb4 59. Bd3 Ra8 60. Ra4 Bf6
61. Ra3 Kc6 62. Ra5 Rb8 63. Ra1 Kb6 64. Ra3 Ka7 65. Ra4 Rb6 66. Ra5 Be7 67. Ke5
Nxd3+ 68. cxd3 Rxa6 69. Rb5 Rb6 70. Ra5+ Kb7 71. Ra2 Ra6 72. Rf2 Kc7 73. Rb2
Rb6 74. Ra2 Kb7 75. Rf2 Bf6+ 76. Ke4 Kc6 77. Ra2 Rb8 78. Ra6+ Rb6 79. Ra2 Kd6
80. Ra3 Rc6 81. Ra7 c4 82. dxc4 Rxc4 83. Ra6+ Rc6 84. Ra3 Rc3 85. Ra6+ Kc5 86.
Rxf6 Re3# 0-1

[Event "Paris-ch Open B"]
[Site "?"]
[Date "2010.07.08"]
[Round "5.4"]
[White "Leclerc, Arnaud"]
[Black "Hallay, Axel"]
[Result "1-0"]
[WhiteElo "1881"]
[BlackElo "1807"]
[PlyCount "121"]
[EventDate "2010.07.03"]
[SourceDate "2010.07.03"]

1. e4 c5 2. d3 Nc6 3. g3 g6 4. Bg2 Bg7 5. f4 d6 6. Nf3 e6 7. O-O Nge7 8. c3 O-O
9. Na3 Rb8 10. Nc2 f5 11. exf5 exf5 12. Re1 d5 13. d4 c4 14. Ne5 Kh8 15. Re2
Nxe5 16. fxe5 Be6 17. Ne1 b5 18. Nf3 h6 19. Bd2 Qd7 20. Rf2 Nc6 21. Qc1 Kh7 22.
Qc2 Nd8 23. Nh4 g5 24. Nf3 Bf7 25. Raf1 Bg6 26. Ne1 Ne6 27. Qd1 g4 28. h3 h5
29. hxg4 hxg4 30. Nc2 Nc7 31. Bh1 Rh8 32. Bg5 Kg8 33. Ne3 Rf8 34. Bf4 Qe6 35.
Rd2 Bh6 36. Bxh6 Rxh6 37. Rh2 Rxh2 38. Kxh2 Bh7 39. Kg1 Kg7 40. Qe2 Rh8 41. Qf2
Qh6 42. Nxg4 Qh3 43. Nf6 f4 44. Bg2 fxg3 45. Bxh3 gxf2+ 46. Kxf2 Bd3 47. Rg1+
Kf7 48. Bg2 Ke6 49. a3 a5 50. Kg3 b4 51. axb4 axb4 52. Bh3+ Bf5 53. Bxf5+ Kxf5
54. Ra1 bxc3 55. bxc3 Ke6 56. Ra7 Rc8 57. Rb7 Na8 58. Rd7 Rg8+ 59. Kf4 Nc7 60.
Rd6+ Kf7 61. Nxg8 1-0

[Event "Paris-ch Open B"]
[Site "?"]
[Date "2010.07.08"]
[Round "5.5"]
[White "Jamain, Frederic"]
[Black "Duget, Jean Claude"]
[Result "1-0"]
[WhiteElo "1799"]
[BlackElo "1880"]
[PlyCount "107"]
[EventDate "2010.07.03"]
[SourceDate "2010.07.03"]

1. e4 c5 2. c3 g6 3. d4 cxd4 4. cxd4 Bg7 5. Nf3 d5 6. e5 f6 7. Bf4 Nc6 8. Nc3
Bg4 9. Be2 Nh6 10. exf6 exf6 11. Nb5 O-O 12. O-O Nf7 13. h3 Bf5 14. g4 Bd7 15.
Nc7 Rc8 16. Nxd5 Bxg4 17. hxg4 Qxd5 18. Qa4 Kh8 19. Be3 a6 20. Rac1 Nh6 21. Rc5
Qe4 22. Nd2 Qe8 23. Rfc1 Nf7 24. Nb3 Qe4 25. Na5 Nfe5 26. Nxb7 Nf3+ 27. Bxf3
Qxf3 28. Rxc6 Qxg4+ 29. Kf1 Qh3+ 30. Ke2 Rce8 31. R1c3 Bh6 32. Nd6 Qg4+ 33. Kd2
Bxe3+ 34. Rxe3 Rxe3 35. fxe3 Qg2+ 36. Kc3 Qf2 37. e4 Qe3+ 38. Kc4 Qc1+ 39. Kd5
Qg5+ 40. Ke6 Qg4+ 41. Ke7 Kg7 42. Ne8+ Rxe8+ 43. Kxe8 Qxe4+ 44. Kd8 Qd5+ 45.
Kc8 h5 46. Rc7+ Kh6 47. Qc4 Qa8+ 48. Kd7 h4 49. d5 g5 50. d6 h3 51. Qc2 Qg2 52.
Qxg2 hxg2 53. Rc1 g4 54. Ke6 1-0

[Event "Paris-ch Open B"]
[Site "?"]
[Date "2010.07.08"]
[Round "5.6"]
[White "Yuen, Wing Yan"]
[Black "O'Sullivan, Thomas"]
[Result "1/2-1/2"]
[WhiteElo "1870"]
[BlackElo "1781"]
[PlyCount "156"]
[EventDate "2010.07.03"]
[SourceDate "2010.07.03"]

1. e4 e6 2. d3 d5 3. Nd2 Nf6 4. g3 Bc5 5. Bg2 Nc6 6. Ngf3 O-O 7. O-O b6 8. h3
Ba6 9. Re1 Bb7 10. e5 Nd7 11. Nf1 f6 12. d4 Be7 13. exf6 Rxf6 14. Ng5 Nf8 15.
h4 Rg6 16. Bh3 Bd6 17. Nf3 Ne7 18. h5 Rf6 19. Bg5 Rf7 20. Bxe6 Nxe6 21. Rxe6
Bc8 22. Re3 Qf8 23. Bxe7 Bxe7 24. Qd3 Bf5 25. Qb3 Be4 26. N1h2 Qc8 27. Rxe4
dxe4 28. Ne5 Qf5 29. Qxf7+ Qxf7 30. Nxf7 Kxf7 31. Re1 Bf6 32. c3 Re8 33. Ng4 g6
34. hxg6+ Kxg6 35. f4 Kf5 36. Ne3+ Kg6 37. Kf2 h5 38. Rh1 c6 39. g4 hxg4 40.
Rg1 Bh4+ 41. Ke2 g3 42. Ng2 Rh8 43. Rh1 Bf6 44. Rg1 Rh2 45. Ke3 Kf5 46. b3 Be7
47. b4 c5 48. a3 cxb4 49. axb4 Bd6 50. b5 Bc7 51. c4 Bd6 52. Ke2 Bxf4 53. Ke1
Bg5 54. c5 Kg4 55. c6 Bd8 56. Ne3+ Kf3 57. Nf1 Bc7 58. Nxh2+ gxh2 59. Rf1+ Ke3
60. d5 Kd4 61. Ke2 Kxd5 62. Rf5+ Kc4 63. Rh5 h1=Q 64. Rxh1 Kxb5 65. Rh6 Kc5 66.
Ke3 Bd6 67. Kxe4 Kxc6 68. Kd4 a5 69. Kc4 b5+ 70. Kb3 a4+ 71. Kc3 b4+ 72. Kc4 a3
73. Kb3 Kd5 74. Rh4 Ke5 75. Rg4 Kf5 76. Rc4 Ke5 77. Rg4 Kd5 78. Rh4 Ke5 1/2-1/2